[Event "NB2 Erkel csoport"]
[Site "Fot"]
[Date "2024.11.17"]
[Round "2.7"]
[White "Fodre, Sandor"]
[Black "Nadassy, Attila"]
[Result "1/2-1/2"]
[WhiteElo "1966"]
[BlackElo "1957"]
[PlyCount "47"]
[EventDate "2024.11.03"]
[EventType "team-tourn"]
[EventRounds "11"]
[EventCountry "HUN"]
[Source "chess.hu"]
[SourceDate "2024.11.17"]
[WhiteTeam "Dunaharaszti MTK II."]
[BlackTeam "Fot SE-LearningChess"]
[WhiteTeamCountry "HUN"]
[BlackTeamCountry "HUN"]

1. e4 d5 2. exd5 Qxd5 3. d4 Nf6 4. Nc3 Qd6 5. Nf3 c6 6. Bd3 Bg4 7. Be3 e6 8. h3
Bh5 9. Qe2 Nbd7 10. O-O-O Qc7 11. Kb1 Bd6 12. g4 Bg6 13. Bxg6 hxg6 14. g5 Nd5
15. Ne4 Nxe3 16. Nxd6+ Qxd6 17. Qxe3 O-O-O 18. Rd3 b6 19. Ne5 Nxe5 20. dxe5 Qc7
21. Rhd1 Rxd3 22. Rxd3 Rd8 23. f4 Rxd3 24. Qxd3 1/2-1/2

[Event "NB2 Erkel csoport"]
[Site "Fot"]
[Date "2024.11.17"]
[Round "2.8"]
[White "Vrona, Mihail"]
[Black "Neszmenyi, Zoltan"]
[Result "1/2-1/2"]
[WhiteElo "1908"]
[BlackElo "1937"]
[PlyCount "69"]
[EventDate "2024.11.03"]
[EventType "team-tourn"]
[EventRounds "11"]
[EventCountry "HUN"]
[Source "chess.hu"]
[SourceDate "2024.11.17"]
[WhiteTeam "Fot SE-LearningChess"]
[BlackTeam "Dunaharaszti MTK II."]
[WhiteTeamCountry "HUN"]
[BlackTeamCountry "HUN"]

1. d4 Nf6 2. Nf3 d5 3. g3 e6 4. Bg2 Nbd7 5. O-O Be7 6. b3 O-O 7. Bb2 b6 8. c4
c6 9. Nc3 Ba6 10. cxd5 cxd5 11. Qd2 Rc8 12. Rfc1 Bb4 13. Qe3 Rc7 14. a3 Bxc3
15. Bxc3 Qb8 16. Bb4 Rfc8 17. Rxc7 Qxc7 18. Ne1 Nb8 19. Bd2 Nc6 20. Rc1 Qd6 21.
b4 Bc4 22. Nd3 Ng4 23. Qf3 f5 24. Bc3 Nf6 25. Ne5 Bb5 26. Nxc6 Rxc6 27. Qe3 Ne4
28. Bb2 Rxc1+ 29. Bxc1 Qc7 30. f3 Nc3 31. Qxe6+ Kh8 32. Qxf5 Nxe2+ 33. Kf2 h6
34. Be3 Nc3 35. Qf8+ 1/2-1/2

[Event "NB2 Erkel csoport"]
[Site "Fot"]
[Date "2024.11.17"]
[Round "2.9"]
[White "Monduk, Ferenc"]
[Black "Schmelowszky, David"]
[Result "0-1"]
[WhiteElo "1881"]
[BlackElo "1869"]
[PlyCount "100"]
[EventDate "2024.11.03"]
[EventType "team-tourn"]
[EventRounds "11"]
[EventCountry "HUN"]
[Source "chess.hu"]
[SourceDate "2024.11.17"]
[WhiteTeam "Dunaharaszti MTK II."]
[BlackTeam "Fot SE-LearningChess"]
[WhiteTeamCountry "HUN"]
[BlackTeamCountry "HUN"]

1. d4 Nf6 2. c4 g6 3. Nc3 Bg7 4. Nf3 O-O 5. e4 d6 6. Be2 e5 7. d5 a5 8. O-O
Nbd7 9. Qc2 Nc5 10. Ne1 Nfd7 11. Nd3 Nxd3 12. Bxd3 Nc5 13. Be3 Nxd3 14. Qxd3 f5
15. f3 f4 16. Bf2 b6 17. b3 h5 18. a3 g5 19. b4 g4 20. fxg4 hxg4 21. c5 bxc5
22. bxc5 Ba6 23. Nb5 Bxb5 24. Qxb5 Qg5 25. Qd3 Rf6 26. Ra2 Raf8 27. Rb1 Qh5 28.
Be1 Rh6 29. g3 fxg3 30. Qxg3 Rf3 31. Qg2 Rhf6 32. Bf2 Qg6 33. cxd6 cxd6 34. Re2
Rxa3 35. Rb8+ Kh7 36. Be1 Qg5 37. Rb1 a4 38. Bd2 Qh5 39. Rf2 Raf3 40. Re2 Qg6
41. Ra1 a3 42. Bb4 R6f4 43. Bxa3 Rxe4 44. Rf2 Ref4 45. Rxf3 Rxf3 46. Bb4 Qe4
47. Qd2 Bh6 48. Re1 Be3+ 49. Rxe3 Rxe3 50. Bxd6 Re2 0-1

[Event "NB2 Erkel csoport"]
[Site "Fot"]
[Date "2024.11.17"]
[Round "2.10"]
[White "Andreeva, Elena"]
[Black "Varhegyi, Abel"]
[Result "1-0"]
[WhiteElo "1963"]
[BlackElo "1728"]
[PlyCount "119"]
[EventDate "2024.11.03"]
[EventType "team-tourn"]
[EventRounds "11"]
[EventCountry "HUN"]
[Source "chess.hu"]
[SourceDate "2024.11.17"]
[WhiteTeam "Fot SE-LearningChess"]
[BlackTeam "Dunaharaszti MTK II."]
[WhiteTeamCountry "HUN"]
[BlackTeamCountry "HUN"]

1. e4 e5 2. Nf3 Nf6 3. Nxe5 d6 4. Nf3 Nxe4 5. Nc3 Nxc3 6. dxc3 Be7 7. Bd3 Bg4
8. Be3 O-O 9. h3 Bh5 10. g4 Bg6 11. h4 Nc6 12. h5 Bxd3 13. Qxd3 Ne5 14. Qe4 Bf6
15. Nxe5 Re8 16. O-O-O Rxe5 17. Qd3 Qe8 18. Kb1 Qa4 19. f4 Re4 20. g5 Rae8 21.
gxf6 Rxe3 22. Qf5 Rg3 23. Rhg1 Rxg1 24. Rxg1 Qe4 25. Qxe4 Rxe4 26. Kc1 Rxf4 27.
Rxg7+ Kf8 28. Rxh7 Rxf6 29. Rh8+ Ke7 30. h6 a5 31. h7 Rh6 32. Rc8 Rxh7 33.
Rxc7+ Ke6 34. Rxb7 Rh1+ 35. Kd2 Rh2+ 36. Kd3 d5 37. Ra7 Rh3+ 38. Kd4 Rh4+ 39.
Ke3 Rh2 40. Rxa5 Rxc2 41. Rb5 Rh2 42. a4 Rh3+ 43. Kf2 Kd6 44. a5 Kc6 45. Rb6+
Kc7 46. Rb4 Kc6 47. a6 Rh8 48. a7 Ra8 49. Ra4 Kb7 50. Ke3 Re8+ 51. Kd3 Ka8 52.
b4 Re7 53. Kd4 Rd7 54. b5 f6 55. b6 Rd8 56. Kc5 Kb7 57. Rh4 Rc8+ 58. Kb5 Rxc3
59. Rh7+ Ka8 60. Rh8+ 1-0

[Event "NB2 Erkel csoport"]
[Site "Fot"]
[Date "2024.11.17"]
[Round "2.11"]
[White "Penzes, Balazs"]
[Black "Saar, Patrik"]
[Result "0-1"]
[WhiteElo "1795"]
[BlackElo "1950"]
[PlyCount "94"]
[EventDate "2024.11.03"]
[EventType "team-tourn"]
[EventRounds "11"]
[EventCountry "HUN"]
[Source "chess.hu"]
[SourceDate "2024.11.17"]
[WhiteTeam "Dunaharaszti MTK II."]
[BlackTeam "Fot SE-LearningChess"]
[WhiteTeamCountry "HUN"]
[BlackTeamCountry "HUN"]

1. e4 c6 2. d4 d5 3. Nc3 dxe4 4. Nxe4 Nf6 5. Nxf6+ exf6 6. Be3 Bd6 7. Nf3 O-O
8. Bd3 Re8 9. O-O Nd7 10. c3 Nf8 11. h3 Be6 12. Qc2 Qd7 13. Rfe1 Re7 14. Qd2
Rae8 15. Bf4 Bxf4 16. Qxf4 Ng6 17. Bxg6 hxg6 18. Re3 g5 19. Qg3 g4 20. hxg4
Bxg4 21. Rae1 Rxe3 22. Rxe3 Rxe3 23. fxe3 Bxf3 24. gxf3 g6 25. Kg2 Qe6 26. Qb8+
Kg7 27. Qxa7 Qxe3 28. Qxb7 Qe2+ 29. Kg3 Qe6 30. a4 g5 31. Qc7 Qe1+ 32. Kg2 Qe2+
33. Kg3 Qd1 34. Kf2 Qxa4 35. Qd7 Qc2+ 36. Kf1 Qc1+ 37. Kf2 Qxb2+ 38. Ke3 Qxc3+
39. Ke4 Qc2+ 40. Ke3 Qb3+ 41. Kf2 Qd5 42. Qa7 f5 43. Kg2 g4 44. Qc5 Qxc5 45.
dxc5 gxf3+ 46. Kxf3 Kf6 47. Kf4 Ke6 0-1

[Event "NB2 Erkel csoport"]
[Site "Szada"]
[Date "2024.11.17"]
[Round "2.1"]
[White "Sagi, Bence"]
[Black "Vereb, Gabor"]
[Result "1-0"]
[WhiteElo "2208"]
[BlackElo "2213"]
[PlyCount "47"]
[EventDate "2024.11.03"]
[EventType "team-tourn"]
[EventRounds "11"]
[EventCountry "HUN"]
[Source "chess.hu"]
[SourceDate "2024.11.17"]
[WhiteTeam "Palota Sakk I."]
[BlackTeam "Godolloi SBE"]
[WhiteTeamCountry "HUN"]
[BlackTeamCountry "HUN"]

1. d4 Nf6 2. c4 g6 3. Nc3 Bg7 4. e4 O-O 5. Nf3 d6 6. Bd3 c5 7. d5 e6 8. h3 exd5
9. exd5 Re8+ 10. Be3 a6 11. O-O b5 12. cxb5 Qa5 13. Qd2 axb5 14. Bxb5 Bd7 15.
a4 Qb4 16. Bf4 Ne4 17. Nxe4 Rxe4 18. Bxd6 Bxb2 19. Rab1 Bxb5 20. Rxb2 Qxa4 21.
Rfb1 Rb4 22. Rxb4 cxb4 23. Qh6 Nd7 24. Ng5 1-0

[Event "NB2 Erkel csoport"]
[Site "Szada"]
[Date "2024.11.17"]
[Round "2.2"]
[White "Reznak, Attila"]
[Black "Kahn, Evarth Dr"]
[Result "1/2-1/2"]
[WhiteElo "2194"]
[BlackElo "1989"]
[PlyCount "85"]
[EventDate "2024.11.03"]
[EventType "team-tourn"]
[EventRounds "11"]
[EventCountry "HUN"]
[Source "chess.hu"]
[SourceDate "2024.11.17"]
[WhiteTeam "Godolloi SBE"]
[BlackTeam "Palota Sakk I."]
[WhiteTeamCountry "HUN"]
[BlackTeamCountry "HUN"]

1. Nf3 c5 2. g3 Nc6 3. c4 e5 4. d3 g6 5. Bg2 Bg7 6. Nc3 Nge7 7. O-O O-O 8. a3
d6 9. Rb1 a5 10. Bd2 Rb8 11. Qc1 f6 12. Nb5 Be6 13. b4 axb4 14. axb4 b6 15. Bc3
Qd7 16. Nd2 f5 17. Qb2 cxb4 18. Bxb4 Nxb4 19. Qxb4 d5 20. Ra1 e4 21. Ra7 Nc6
22. Qxf8+ Kxf8 23. Rxd7 Bxd7 24. cxd5 Ne5 25. Nd4 exd3 26. e4 Rc8 27. exf5 gxf5
28. Rd1 Nc4 29. N2b3 Nb2 30. Rd2 Bxd4 31. Nxd4 Rc1+ 32. Bf1 f4 33. Kg2 Nc4 34.
Rxd3 Ne5 35. Rb3 Rd1 36. gxf4 Ng6 37. Ne2 Nh4+ 38. Kg1 Bg4 39. Ng3 Nf3+ 40. Kg2
Ne1+ 41. Kg1 Nf3+ 42. Kg2 Ne1+ 43. Kg1 1/2-1/2

[Event "NB2 Erkel csoport"]
[Site "Szada"]
[Date "2024.11.17"]
[Round "2.3"]
[White "Vegh, Karoly"]
[Black "Nagyajtai, Gabor"]
[Result "1-0"]
[WhiteElo "1939"]
[BlackElo "2114"]
[PlyCount "93"]
[EventDate "2024.11.03"]
[EventType "team-tourn"]
[EventRounds "11"]
[EventCountry "HUN"]
[Source "chess.hu"]
[SourceDate "2024.11.17"]
[WhiteTeam "Palota Sakk I."]
[BlackTeam "Godolloi SBE"]
[WhiteTeamCountry "HUN"]
[BlackTeamCountry "HUN"]

1. e4 c5 2. f4 Nc6 3. Nf3 g6 4. Bc4 Bg7 5. O-O e6 6. Nc3 Nge7 7. d3 O-O 8. a4
b6 9. Nh4 d5 10. Bb3 Nd4 11. Ba2 Nec6 12. Nf3 Nb4 13. Bb1 dxe4 14. Nxe4 Bb7 15.
Nfd2 Nf5 16. Nf3 Qc7 17. c3 Nd5 18. Qd2 Rad8 19. Re1 Nde7 20. Qf2 Ba6 21. Rd1
Rd5 22. Bc2 Rfd8 23. Ne1 Nd6 24. Nd2 Ndf5 25. Ndf3 Nc6 26. g4 Nfe7 27. h3 R5d7
28. Ng5 Bb7 29. Qh4 h6 30. Ngf3 f5 31. Bb3 Nd5 32. Ng2 Qd6 33. Qg3 Kh7 34. Bc2
Rf8 35. Re1 Nce7 36. Qh4 Kg8 37. Ne5 Rdd8 38. Bb3 Bc6 39. Be3 Nxe3 40. Rxe3
Bxg2 41. Kxg2 g5 42. fxg5 f4 43. gxh6 fxe3 44. hxg7 Rf2+ 45. Kg1 Qxe5 46. Qh8+
Kf7 47. g8=Q+ 1-0

[Event "NB2 Erkel csoport"]
[Site "Szada"]
[Date "2024.11.17"]
[Round "2.4"]
[White "Kozma, Gabor"]
[Black "Serfozo, Adam"]
[Result "1/2-1/2"]
[WhiteElo "2068"]
[BlackElo "1901"]
[PlyCount "85"]
[EventDate "2024.11.03"]
[EventType "team-tourn"]
[EventRounds "11"]
[EventCountry "HUN"]
[Source "chess.hu"]
[SourceDate "2024.11.17"]
[WhiteTeam "Godolloi SBE"]
[BlackTeam "Palota Sakk I."]
[WhiteTeamCountry "HUN"]
[BlackTeamCountry "HUN"]

1. e4 Nf6 2. Nc3 d5 3. e5 Nfd7 4. d4 e6 5. f4 c5 6. Nf3 Nc6 7. Be3 Qb6 8. Qd2
cxd4 9. Nxd4 Qa5 10. Nb3 Qd8 11. O-O-O a6 12. Be2 Bb4 13. a3 Be7 14. Rhf1 b5
15. Nxd5 exd5 16. Qxd5 Qc7 17. Bf3 Bb7 18. e6 Nf6 19. exf7+ Kf8 20. Qe6 Rc8 21.
Bc5 Bxc5 22. Nxc5 Nd4 23. Rxd4 Qxc5 24. Rd2 Bxf3 25. Rxf3 Qc4 26. Qxa6 Kxf7 27.
Kb1 Rhe8 28. Rb3 Qxf4 29. Rbd3 Ne4 30. Rd7+ Kg8 31. R2d4 Qf1+ 32. Rd1 Qc4 33.
Qa7 Qxc2+ 34. Ka1 Nc5 35. Rxg7+ Kh8 36. Rf1 Ra8 37. Rxh7+ Qxh7 38. Qxc5 Re4 39.
Rf8+ Rxf8 40. Qxf8+ Qg8 41. Qh6+ Qh7 42. Qf8+ Qg8 43. Qh6+ 1/2-1/2

[Event "NB2 Erkel csoport"]
[Site "Szada"]
[Date "2024.11.17"]
[Round "2.5"]
[White "Albu, Ferenc"]
[Black "Sillye, Kalman"]
[Result "1-0"]
[WhiteElo "1813"]
[BlackElo "2021"]
[PlyCount "89"]
[EventDate "2024.11.03"]
[EventType "team-tourn"]
[EventRounds "11"]
[EventCountry "HUN"]
[Source "chess.hu"]
[SourceDate "2024.11.17"]
[WhiteTeam "Palota Sakk I."]
[BlackTeam "Godolloi SBE"]
[WhiteTeamCountry "HUN"]
[BlackTeamCountry "HUN"]

1. d4 Nf6 2. Nf3 c5 3. e3 b6 4. c4 g6 5. Nc3 Bg7 6. Be2 O-O 7. Rb1 Bb7 8. a3 d6
9. O-O Nbd7 10. Re1 h6 11. d5 a6 12. e4 Qc7 13. Bd2 Rae8 14. Qc1 Kh7 15. Bd3 e5
16. h3 Bc8 17. g3 Ng8 18. Qc2 Ndf6 19. Kg2 Bd7 20. Rh1 Qc8 21. Rbg1 Nh5 22. Be2
Qd8 23. Nh4 Nhf6 24. Kf1 Qe7 25. Ng2 Bc8 26. Ne3 Bd7 27. g4 Rb8 28. g5 Ne8 29.
gxh6 Nxh6 30. Ng4 Qh4 31. Qc1 Rh8 32. Bg5 Nf5 33. Bxh4 Nxh4 34. Qg5 Kg8 35. Qd2
Kf8 36. Rg3 f5 37. exf5 gxf5 38. Nh2 Bh6 39. Qd1 f4 40. Rg4 Bxg4 41. Bxg4 Nf6
42. Qc2 Ke7 43. Nf3 Nxf3 44. Bxf3 Kf7 45. Qf5 1-0

[Event "NB2 Erkel csoport"]
[Site "Szada"]
[Date "2024.11.17"]
[Round "2.6"]
[White "Fecske, Csaba"]
[Black "Bleil, Sandor"]
[Result "1/2-1/2"]
[WhiteElo "1977"]
[BlackElo "1804"]
[PlyCount "55"]
[EventDate "2024.11.03"]
[EventType "team-tourn"]
[EventRounds "11"]
[EventCountry "HUN"]
[Source "chess.hu"]
[SourceDate "2024.11.17"]
[WhiteTeam "Godolloi SBE"]
[BlackTeam "Palota Sakk I."]
[WhiteTeamCountry "HUN"]
[BlackTeamCountry "HUN"]

1. d4 d5 2. Bf4 Bf5 3. e3 e6 4. Nc3 Bd6 5. g4 Bg6 6. Nge2 Nf6 7. f3 h6 8. h4 c5
9. Nb5 Qa5+ 10. c3 Qxb5 11. Bxd6 cxd4 12. cxd4 Qxb2 13. Rc1 Nc6 14. Qa4 Kd7 15.
Ba3 Qb6 16. Nf4 Rhc8 17. Nxg6 fxg6 18. Kf2 Qa5 19. Qb3 Qb6 20. Bb5 Ke8 21. Qd3
Kf7 22. h5 g5 23. Bxc6 Rxc6 24. Rxc6 Qxc6 25. Rc1 Qd7 26. Qc3 Rd8 27. Qa5 b6
28. Qa6 1/2-1/2

[Event "NB2 Erkel csoport"]
[Site "Szada"]
[Date "2024.11.17"]
[Round "2.7"]
[White "Mihaly, Zoltan"]
[Black "Nagy, Daniel"]
[Result "1/2-1/2"]
[WhiteElo "1779"]
[BlackElo "1933"]
[PlyCount "97"]
[EventDate "2024.11.03"]
[EventType "team-tourn"]
[EventRounds "11"]
[EventCountry "HUN"]
[Source "chess.hu"]
[SourceDate "2024.11.17"]
[WhiteTeam "Palota Sakk I."]
[BlackTeam "Godolloi SBE"]
[WhiteTeamCountry "HUN"]
[BlackTeamCountry "HUN"]

1. c4 Nf6 2. d4 c5 3. d5 b5 4. b3 g6 5. Bb2 Bg7 6. e4 Qa5+ 7. Bc3 b4 8. Bb2 O-O
9. e5 Ne8 10. Nf3 d6 11. Nbd2 Qc7 12. exd6 Nxd6 13. Bxg7 Kxg7 14. Bd3 e6 15.
dxe6 Bxe6 16. O-O Bg4 17. Qc2 Nc6 18. Rfe1 Nf5 19. Qb2+ Ncd4 20. h3 h5 21. Be4
Bxf3 22. Nxf3 Rad8 23. Rad1 Kg8 24. Bd5 Nxf3+ 25. Bxf3 Rxd1 26. Rxd1 Nd4 27.
Bd5 Re8 28. Qb1 Kg7 29. Rf1 Re2 30. Re1 Rd2 31. Qe4 Rxa2 32. Qe5+ Qxe5 33. Rxe5
a5 34. Re7 a4 35. Rxf7+ Kh6 36. bxa4 b3 37. Be4 b2 38. Rb7 Ne2+ 39. Kf1 Nc3 40.
Bc2 Rxa4 41. Bxa4 Nxa4 42. f4 g5 43. fxg5+ Kxg5 44. Kf2 h4 45. Kf3 Kf5 46. Ke3
Nc3 47. Kd2 b1=Q 48. Rxb1 Nxb1+ 49. Kc2 1/2-1/2

[Event "NB2 Erkel csoport"]
[Site "Szada"]
[Date "2024.11.17"]
[Round "2.8"]
[White "Csaji, Attila"]
[Black "Kapuszta, Csaba"]
[Result "1/2-1/2"]
[WhiteElo "1934"]
[BlackElo "1776"]
[PlyCount "52"]
[EventDate "2024.11.03"]
[EventType "team-tourn"]
[EventRounds "11"]
[EventCountry "HUN"]
[Source "chess.hu"]
[SourceDate "2024.11.17"]
[WhiteTeam "Godolloi SBE"]
[BlackTeam "Palota Sakk I."]
[WhiteTeamCountry "HUN"]
[BlackTeamCountry "HUN"]

1. e4 e6 2. d4 b6 3. c4 Bb7 4. Nc3 Bb4 5. Bd3 Nf6 6. f3 Qe7 7. a3 Bxc3+ 8. bxc3
d6 9. Bg5 h6 10. Bh4 g5 11. Bf2 Nbd7 12. Ne2 Nh5 13. h4 Nf4 14. hxg5 Qxg5 15.
Nxf4 Qxf4 16. Qd2 Qxd2+ 17. Kxd2 O-O-O 18. g4 f5 19. gxf5 exf5 20. Be3 h5 21.
Rag1 Rde8 22. Rh4 fxe4 23. Bxe4 Bxe4 24. fxe4 Nf6 25. Kd3 Ng4 26. Rf1 Ref8
1/2-1/2

[Event "NB2 Erkel csoport"]
[Site "Szada"]
[Date "2024.11.17"]
[Round "2.9"]
[White "Partenyi, Attila"]
[Black "Papp, Lorinc"]
[Result "0-1"]
[WhiteElo "1772"]
[BlackElo "1864"]
[PlyCount "64"]
[EventDate "2024.11.03"]
[EventType "team-tourn"]
[EventRounds "11"]
[EventCountry "HUN"]
[Source "chess.hu"]
[SourceDate "2024.11.17"]
[WhiteTeam "Palota Sakk I."]
[BlackTeam "Godolloi SBE"]
[WhiteTeamCountry "HUN"]
[BlackTeamCountry "HUN"]

1. e4 c6 2. d4 d5 3. Nd2 dxe4 4. Nxe4 Nf6 5. Nxf6+ exf6 6. Nf3 Bd6 7. Bd3 O-O
8. Be3 Be6 9. c3 Nd7 10. Qc2 h6 11. Nh4 Re8 12. O-O Qc7 13. g3 c5 14. Qd1 cxd4
15. cxd4 Nf8 16. Rc1 Qd7 17. a4 a6 18. d5 Bh3 19. Bxh6 gxh6 20. Qh5 Qg4 21.
Qxh6 Qg5 22. Qxg5+ fxg5 23. Ng2 Re5 24. Rfd1 Bg4 25. Rd2 Bb4 26. Rdc2 Rxd5 27.
Be4 Rd7 28. Rc4 Bd2 29. R1c2 Bd1 30. Bxb7 Rb8 31. Bc8 Bxc2 32. Bxd7 Rxb2 0-1

[Event "NB2 Erkel csoport"]
[Site "Szada"]
[Date "2024.11.17"]
[Round "2.10"]
[White "Zamodics, Ferenc"]
[Black "Majlat, Attila"]
[Result "0-1"]
[WhiteElo "1836"]
[BlackElo "1658"]
[PlyCount "60"]
[EventDate "2024.11.03"]
[EventType "team-tourn"]
[EventRounds "11"]
[EventCountry "HUN"]
[Source "chess.hu"]
[SourceDate "2024.11.17"]
[WhiteTeam "Godolloi SBE"]
[BlackTeam "Palota Sakk I."]
[WhiteTeamCountry "HUN"]
[BlackTeamCountry "HUN"]

1. d4 d5 2. c4 dxc4 3. e3 Nf6 4. Bxc4 e6 5. Nf3 c5 6. O-O Nc6 7. Nc3 cxd4 8.
exd4 Be7 9. a3 O-O 10. Re1 a6 11. d5 exd5 12. Nxd5 Nxd5 13. Bxd5 Bd7 14. Qb3
Rb8 15. Bf4 Na5 16. Qa2 Rc8 17. Rad1 Bf6 18. Bd6 Rc2 19. Qb1 Rxb2 20. Qe4 Re8
21. Ne5 Be6 22. Nxf7 Qb6 23. Bg3 Kxf7 24. Qxh7 Re7 25. Qh5+ Kf8 26. Bxe6 Rxe6
27. Rxe6 Qxe6 28. Qxa5 Rb5 29. Qc7 Rd5 30. Rxd5 Qe1# 0-1

[Event "NB2 Erkel csoport"]
[Site "Dunaharaszti"]
[Date "2024.12.01"]
[Round "3.1"]
[White "Vereb, Gabor"]
[Black "Pirisi, Gabor"]
[Result "1/2-1/2"]
[WhiteElo "2203"]
[BlackElo "2183"]
[PlyCount "23"]
[GameId "2120213062742696"]
[EventDate "2024.11.03"]
[EventType "team-tourn"]
[EventRounds "11"]
[EventCountry "HUN"]
[Source "chess.hu"]
[WhiteTeam "Godolloi SBE"]
[BlackTeam "Dunaharaszti MTK II."]
[WhiteTeamCountry "HUN"]
[BlackTeamCountry "HUN"]

1. e4 c5 2. Nf3 d6 3. d4 cxd4 4. Nxd4 Nf6 5. Nc3 g6 6. Be3 Bg7 7. f3 Nc6 8. Qd2 O-O 9. O-O-O d5 10. exd5 Nxd5 11. Nxc6 bxc6 12. Bd4 1/2-1/2

[Event "NB2 Erkel csoport"]
[Site "Dunaharaszti"]
[Date "2024.12.01"]
[Round "3.2"]
[White "Vegh, Endre"]
[Black "Kokavecz, Andras"]
[Result "1/2-1/2"]
[WhiteElo "2153"]
[BlackElo "2117"]
[PlyCount "37"]
[GameId "2120213167502124"]
[EventDate "2024.11.03"]
[EventType "team-tourn"]
[EventRounds "11"]
[EventCountry "HUN"]
[Source "chess.hu"]
[WhiteTeam "Dunaharaszti MTK II."]
[BlackTeam "Godolloi SBE"]
[WhiteTeamCountry "HUN"]
[BlackTeamCountry "HUN"]

1. d4 Nf6 2. c4 g6 3. h4 d6 4. Nc3 Bg7 5. e4 Nc6 6. d5 Ne5 7. Be2 h5 8. f4 Neg4 9. Nf3 O-O 10. Bd3 c6 11. Qe2 cxd5 12. cxd5 Qb6 13. e5 dxe5 14. fxe5 Nd7 15. Bf4 Nc5 16. Bb1 Bd7 17. g3 Na4 18. Nxa4 Bxa4 19. Bd3 1/2-1/2

[Event "NB2 Erkel csoport"]
[Site "Dunaharaszti"]
[Date "2024.12.01"]
[Round "3.3"]
[White "Sillye, Kalman"]
[Black "Szollosi, Laszlo"]
[Result "1/2-1/2"]
[WhiteElo "2002"]
[BlackElo "2067"]
[PlyCount "20"]
[GameId "2120213237080892"]
[EventDate "2024.11.03"]
[EventType "team-tourn"]
[EventRounds "11"]
[EventCountry "HUN"]
[Source "chess.hu"]
[WhiteTeam "Godolloi SBE"]
[BlackTeam "Dunaharaszti MTK II."]
[WhiteTeamCountry "HUN"]
[BlackTeamCountry "HUN"]

1. d4 Nf6 2. Bf4 d5 3. e3 Bf5 4. c3 c6 5. Nd2 Nbd7 6. Be2 e6 7. h3 h6 8. Bh2 Be7 9. Ngf3 Bg6 10. O-O O-O 1/2-1/2

[Event "NB2 Erkel csoport"]
[Site "Dunaharaszti"]
[Date "2024.12.01"]
[Round "3.4"]
[White "Fodre, Sandor"]
[Black "Nagy, Daniel"]
[Result "1-0"]
[WhiteElo "1986"]
[BlackElo "1925"]
[PlyCount "45"]
[GameId "2120213277070158"]
[EventDate "2024.11.03"]
[EventType "team-tourn"]
[EventRounds "11"]
[EventCountry "HUN"]
[Source "chess.hu"]
[WhiteTeam "Dunaharaszti MTK II."]
[BlackTeam "Godolloi SBE"]
[WhiteTeamCountry "HUN"]
[BlackTeamCountry "HUN"]

1. e4 c5 2. c3 Nf6 3. e5 Nd5 4. Bc4 Nb6 5. Bb3 Nc6 6. Nf3 e6 7. O-O Be7 8. Qe2 O-O 9. d4 cxd4 10. cxd4 d6 11. Nc3 dxe5 12. dxe5 a6 13. Qe4 Bd7 14. Bc2 g6 15. Bh6 Re8 16. Rad1 Nb4 17. Bb3 Qc7 18. Ng5 Bc6 19. Qf4 Bxg5 20. Bxg5 N4d5 21. Nxd5 exd5 22. Bf6 Nd7 23. Qh6 1-0

[Event "NB2 Erkel csoport"]
[Site "Dunaharaszti"]
[Date "2024.12.01"]
[Round "3.5"]
[White "Csaji, Attila"]
[Black "Bernula, Istvan"]
[Result "1-0"]
[WhiteElo "1930"]
[BlackElo "1948"]
[PlyCount "85"]
[GameId "2120213336982368"]
[EventDate "2024.11.03"]
[EventType "team-tourn"]
[EventRounds "11"]
[EventCountry "HUN"]
[Source "chess.hu"]
[WhiteTeam "Godolloi SBE"]
[BlackTeam "Dunaharaszti MTK II."]
[WhiteTeamCountry "HUN"]
[BlackTeamCountry "HUN"]

1. e4 e5 2. Bc4 Nf6 3. Nc3 Nxe4 4. Qh5 Nd6 5. Bb3 g6 6. Qf3 Bg7 7. Nb5 O-O 8. Nxd6 cxd6 9. d3 Nc6 10. Ne2 Kh8 11. h4 f5 12. Bg5 Bf6 13. Bxf6+ Qxf6 14. Nc3 Nd4 15. Qd5 Nxb3 16. axb3 Qe6 17. Kd2 Qxd5 18. Nxd5 a6 19. Nb6 Rb8 20. Ra5 Kg7 21. Rd5 Rf6 22. Ra1 Kf7 23. Ra4 Ke7 24. Rc4 Rf8 25. Ke3 h6 26. f4 Ke6 27. Kf3 g5 28. fxg5 hxg5 29. hxg5 Rg8 30. Rh4 Ke7 31. Rh6 Kd8 32. Rdxd6 Rxg5 33. Nd5 Rg8 34. Rhf6 e4+ 35. dxe4 fxe4+ 36. Kxe4 b5 37. Rf7 Rb7 38. Kf5 Ra7 39. g4 a5 40. g5 Ra6 41. Rxa6 Bxa6 42. Nf6 Rh8 43. g6 1-0

[Event "NB2 Erkel csoport"]
[Site "Dunaharaszti"]
[Date "2024.12.01"]
[Round "3.6"]
[White "Neszmenyi, Zoltan"]
[Black "Papp, Lorinc"]
[Result "1/2-1/2"]
[WhiteElo "1936"]
[BlackElo "1879"]
[PlyCount "52"]
[GameId "2120213388903280"]
[EventDate "2024.11.03"]
[EventType "team-tourn"]
[EventRounds "11"]
[EventCountry "HUN"]
[Source "chess.hu"]
[WhiteTeam "Dunaharaszti MTK II."]
[BlackTeam "Godolloi SBE"]
[WhiteTeamCountry "HUN"]
[BlackTeamCountry "HUN"]

1. Nf3 Nf6 2. c4 e6 3. Nc3 d5 4. d4 Be7 5. e3 O-O 6. Bd3 b6 7. cxd5 exd5 8. Qc2 c5 9. O-O Nc6 10. a3 Bb7 11. b3 Re8 12. Ne2 Bd6 13. Bb2 Ne4 14. Ng3 Rc8 15. Nxe4 dxe4 16. Bxe4 Nxd4 17. Bxh7+ Kh8 18. exd4 Bxf3 19. Bf5 Qg5 20. g3 Bxg3 21. fxg3 Re2 22. Qd3 Rg2+ 23. Kh1 Qh5 24. h3 Rf2+ 25. Kg1 Rg2+ 26. Kh1 Rf2+ 1/2-1/2

[Event "NB2 Erkel csoport"]
[Site "Dunaharaszti"]
[Date "2024.12.01"]
[Round "3.7"]
[White "Zamodics, Ferenc"]
[Black "Monduk, Ferenc"]
[Result "1/2-1/2"]
[WhiteElo "1812"]
[BlackElo "1890"]
[PlyCount "120"]
[GameId "2120213433766784"]
[EventDate "2024.11.03"]
[EventType "team-tourn"]
[EventRounds "11"]
[EventCountry "HUN"]
[Source "chess.hu"]
[WhiteTeam "Godolloi SBE"]
[BlackTeam "Dunaharaszti MTK II."]
[WhiteTeamCountry "HUN"]
[BlackTeamCountry "HUN"]

1. d4 Nf6 2. c4 g6 3. Nc3 Bg7 4. e4 d6 5. Bd3 O-O 6. Nge2 e5 7. d5 a5 8. O-O Nbd7 9. f3 Nc5 10. Bc2 Bd7 11. Be3 b6 12. Qd2 Ne8 13. f4 f5 14. fxe5 Bxe5 15. exf5 Bxf5 16. Bxf5 gxf5 17. Nf4 Ng7 18. Rf3 Qe7 19. Rg3 Bxc3 20. Qxc3 Ne4 21. Rxg7+ Qxg7 22. Qxg7+ Kxg7 23. Ne6+ Kf6 24. Nxf8 Rxf8 25. Rf1 h5 26. Rf3 Rb8 27. Rh3 Kg6 28. Bc1 a4 29. Ra3 b5 30. g3 bxc4 31. Rxa4 c3 32. b3 Rb5 33. Rd4 Nf6 34. Rc4 Nxd5 35. Kf2 Nf6 36. Rxc7 Ne4+ 37. Ke2 Ra5 38. a3 Rd5 39. b4 Rd4 40. Be3 Rd5 41. a4 Kf6 42. Rc4 Ke6 43. b5 Nc5 44. Bxc5 dxc5 45. Rxc3 Rd4 46. a5 Ra4 47. a6 Kd6 48. Ke3 c4 49. Kf4 Kc5 50. Kxf5 Kxb5 51. Kg5 Kb4 52. Rc1 Ra5+ 53. Kh4 Kb3 54. Rb1+ Kc2 55. Rb6 c3 56. g4 hxg4 57. Kxg4 Kd3 58. Rd6+ Kc4 59. Rc6+ Kd3 60. Rd6+ Kc4 1/2-1/2